| 000 | 00555nam a22002057a 4500 | ||
|---|---|---|---|
| 999 |
_c6751 _d6751 |
||
| 003 | OSt | ||
| 005 | 20210202155703.0 | ||
| 008 | 210202b ||||| |||| 00| 0 eng d | ||
| 020 | _a9780340947449 | ||
| 040 | _cNLM | ||
| 082 | _aWQ100 B659c 2008 | ||
| 100 |
_a Bottomley, Cecelia; Rymer, Janice. _910935 |
||
| 245 | _a 100 Cases in Obstetrics and Gynaecology | ||
| 260 |
_aLondon; _bArnold _c2008 |
||
| 300 |
_axii,265p; _bCol.ill: _c24.5cm |
||
| 504 | _aIndex included | ||
| 650 |
_aObstetrics _95 |
||
| 650 |
_aGynaecology _913854 |
||
| 942 |
_2z _cB_BANK |
||